| 000 | 01697cam a2200397 a 4500 | ||
|---|---|---|---|
| 001 | 12685112 | ||
| 003 | ARRUPE | ||
| 005 | 20141010125512.0 | ||
| 008 | 020215s2003 inua b 000 0 eng | ||
| 010 | _a 2002023042 | ||
| 020 | _a0865973741 (hardcopy : alk. paper) | ||
| 020 | _a086597375X (pb : alk. paper) | ||
| 035 | _a(DLC) 2002023042 | ||
| 035 | _a(DLC)1033 | ||
| 040 |
_aDLC _cDLC _dDLC |
||
| 041 | 1 |
_aeng _hlat |
|
| 050 | 0 | 0 |
_aK457.P8 _bD4313 2002 |
| 082 | 0 | 0 |
_a340/.112 _221 |
| 100 | 1 |
_aPufendorf, Samuel, _cFreiherr von, _d1632-1694. _912142 |
|
| 240 | 1 | 0 |
_aDe officio hominis et civis. _lEnglish |
| 245 | 1 | 4 |
_aThe whole duty of man according to the law of nature / _cSamuel Pufendorf ; translated by Andrew Tooke, 1691 ; edited with an Introduction by Ian Hunter and David Saunders. Two discourses and a commentary / by Jean Barbeyrac ; translated by David Saunders. |
| 260 |
_aIndianapolis, IN : _bLiberty Fund, _c2002. |
||
| 300 |
_axviii, 381 p. : _bill. ; _c24 cm. |
||
| 440 | 0 |
_aNatural law and enlightenment classics _912143 |
|
| 504 | _aIncludes bibliographical references and index. | ||
| 650 | 0 |
_aNatural law. _93966 |
|
| 650 | 0 |
_aEthics. _912144 |
|
| 650 | 0 |
_aState, The. _912145 |
|
| 700 | 1 |
_aHunter, Ian, _d1949- _912146 |
|
| 700 | 1 |
_aSaunders, David, _d1940- _912147 |
|
| 700 | 1 | 2 |
_aBarbeyrac, Jean, _d1674-1744. _tTwo discourses and a commentary. _912148 |
| 740 | 0 | 2 | _aTwo discourses and a commentary. |
| 906 |
_a7 _bcbc _corignew _d1 _eocip _f20 _gy-gencatlg |
||
| 942 |
_2lcc _cMONOGRAPH |
||
| 999 |
_c121114 _d121114 |
||